header

Veterans' benefits and care (Record no. 62869)

MARC details
000 -LEADER
fixed length control field 03041nam a2200421 a 4500
082 04 - DEWEY DECIMAL CLASSIFICATION NUMBER
Classification number 362.860973
245 00 - TITLE STATEMENT
Title Veterans' benefits and care
260 ## - PUBLICATION, DISTRIBUTION, ETC. (IMPRINT)
Place of publication Hauppauge, N.Y. :
Name of publisher Nova Science Publishers,
Year of publication c2010.
300 ## - PHYSICAL DESCRIPTION
Number of Pages xv, 280 p. :
Other physical details ill.
490 1# - SERIES STATEMENT
Series statement Defense, security and strategy series
505 0# - FORMATTED CONTENTS NOTE
Formatted contents note Veterans medical care : FY2009 appropriations / Sidath Viranga Panangala -- Veterans Affairs : the appeal process for veterans' claims / Douglas Reid Weimer -- A brief history of veterans' education benefits and their value / David P. Smole and Shannon S. Loane -- The military survivor benefit plan : a description of its provisions / David F. Burrelli -- Veterans Affairs : benefits for service-connected disabilities / Douglas Reid Weimer -- Disability evaluation of military servicemembers / Christine Scott, Sidath Viranga Panangala, and Charles A. Henning -- Veterans affairs : basic eligibility for disability benefit programs / Douglas Reid Weimer -- Veterans' benefits : pension benefit programs / Carol D. Davis and Christine Scott -- Health care for dependents and survivors of veterans / Sidath Viranga Panangala and Susan Janeczko -- "Wounded warrier" and veterans provisions in the FY2008 National Defense Authorization Act / Sarah A. Lister, Sidath Viranga Panangala, and Christine Scott -- Suicide prevention among veterans / Ramya Sundaraman, Sidath Viranga Panangala, and Sarah A. Lister -- Veterans Affairs : historical budget authority, fiscal years 1940 through 2007 / Christine Scott -- VA health care : facilities have taken action to provide language access services and culturally appropriate care to a diverse veteran population / GAO.
650 #0 - SUBJECT ADDED ENTRY--TOPICAL TERM
Topical Term Veterans
Topical Term Veterans
Topical Term Veterans
Topical Term Disabled veterans
Topical Term Military pensions
Topical Term Veterans
700 1# - ADDED ENTRY--PERSONAL NAME
Personal name Bradley, Mathew H.
856 40 - ELECTRONIC LOCATION AND ACCESS
Uniform Resource Identifier http://site.ebrary.com/lib/rucke/Doc?id=10671422

No items available.

© 2026 Rongo University
Contact us: librarian | system librarian | Rongo university